Buscar una alternativa de consumo de energía eléctrica en los edificios Marlon Zelaya, Julio Padilla y pabellón tipo UNAN en el RUPAP

El presente estudio se realizó con el objetivo de evitar pérdidas de horas clase de los estudiantes al producirse los cortes de energía en los edificios Marlon Zelaya, edificio Julio Padilla y el edificio tipo UNAN, presenta propuesta de dos tipos de sistemas de respaldo, el sistema solar fotovo...

Full description

Bibliographic Details
Main Authors: Loza, Carlos José, González Reyes, Gilberto Javier
Other Authors: Tutor: Ramírez Velásquez, Wilmer José
Format: Tesis Section = Libro
Language:Undetermined
Spanish
Published: Managua UNI 2008
Subjects:
LEADER 01307nam a2200265Ia 4500
008 240830s9999 xx 000 0 und d
040 |a BIBLIOTECA-RUPAP Mon 621.3192 L925 
041 |a spa 
082 |a Mon 621.3192 L925 
100 1 |a Loza, Carlos José 
100 1 |b  González Reyes, Gilberto Javier 
245 1 0 |a Buscar una alternativa de consumo de energía eléctrica en los edificios Marlon Zelaya, Julio Padilla y pabellón tipo UNAN en el RUPAP 
260 |a Managua  |b UNI  |c 2008 
300 |a 172 p. :il. 
500 |a Contiene: anexos e Incluye: CD. 
502 |a Tesis (Ingeniero Mecánico)- UNI, 2008. 
520 3 |a El presente estudio se realizó con el objetivo de evitar pérdidas de horas clase de los estudiantes al producirse los cortes de energía en los edificios Marlon Zelaya, edificio Julio Padilla y el edificio tipo UNAN, presenta propuesta de dos tipos de sistemas de respaldo, el sistema solar fotovoltaico y el sistema inversor cargador con y sin financiamiento. 
650 7 |a ENERGÍA ELÉCTRICA - REDES ELECTRICAS 
650 7 |b CONSUMO DE ENERGÍA ELECTRICA 
650 7 |c SISTEMAS DE ENERGÍA ELECTRICA 
650 7 |d FUENTES ALTERNATIVAS DE ENERGIA 
700 1 |a Tutor:  |b Ramírez Velásquez, Wilmer José 
942 |c BK  |2 ddc 
991 |a TESIS 
999 |c 15758